000 00421nam a2200181Ia 4500
001 3072
005 20260306144853.0
008 260306t2011||||xx |||||||||||||| ||spa||
041 _aESP
082 _a249.4
_bS719
100 _aSayés, José Antonio
_eAUT
245 0 _aEl misterio eucarístico
260 _c2011
300 _a557 páginas :
_c22 cm.
650 _aGEN
654 _aCHU
942 _cLIB
_dJUS
_fJUS
_2ddc
_n
999 _c3072
_d3072